[Event "LSS No Engine Cup 151 Preliminary 0"]
[Site "LSS email"]
[Date "2016.04.02"]
[Round "?"]
[White "Evsin, Igorj"]
[Black "Bieszk, Stanislaw"]
[Result "1-0"]
[WhiteElo "1845"]
[BlackElo "1457"]
[PlyCount "37"]
[EventDate "2016.04.03"]
[EventType "tourn (corr)"]
[EventRounds "6"]
[EventCountry "GER"]
[SourceTitle "Corr 2022"]
[Source "ChessBase"]
[SourceDate "2021.10.24"]
[SourceVersion "1"]
[SourceVersionDate "2021.10.24"]
[SourceQuality "1"]

1. e4 c5 2. d4 cxd4 3. c3 d3 4. Bxd3 Nc6 5. Nf3 d6 6. 0-0 g6 7. Bc4 Bg7 8. Qb3 e6 9. Rd1 Na5 10. Qa4+ Bd7 11. Bb5 Nf6 12. Bg5 Qb6 13. Na3 a6 14. Bxd7+ Nxd7 15. Bf4 0-0-0 16. Rxd6 Nc6 17. Nc4 Qb5 18. Rxc6+ bxc6 19. Nd6+ 1-0

[Event "LSS No Engine Cup 151 Preliminary 0"]
[Site "LSS email"]
[Date "2016.04.02"]
[Round "?"]
[White "Granara Barreto, Sebastian"]
[Black "Evsin, Igorj"]
[Result "1-0"]
[WhiteElo "2036"]
[BlackElo "1845"]
[PlyCount "41"]
[EventDate "2016.04.03"]
[EventType "tourn (corr)"]
[EventRounds "6"]
[EventCountry "GER"]
[SourceTitle "Corr 2022"]
[Source "ChessBase"]
[SourceDate "2021.10.24"]
[SourceVersion "1"]
[SourceVersionDate "2021.10.24"]
[SourceQuality "1"]

1. e4 c5 2. Nf3 d6 3. d4 cxd4 4. Nxd4 Nf6 5. Nc3 a6 6. Bg5 e6 7. f4 Nbd7 8. Qe2 Qc7 9. 0-0-0 b5 10. a3 Be7 11. g4 Bb7 12. Bh4 Nxe4 13. Nxe4 Bxh4 14. Nxe6 fxe6 15. Nxd6+ Ke7 16. Nxb7 Qxb7 17. Bg2 Qc7 18. Bxa8 Rxa8 19. f5 Bg5+ 20. Kb1 Kf8 21. fxe6 1-0

[Event "RD-2016-0-00127"]
[Site "LSS email"]
[Date "2016.03.20"]
[Round "?"]
[White "Evsin, Igorj"]
[Black "Correa de Almeida, Claudio"]
[Result "0-1"]
[WhiteElo "1548"]
[BlackElo "1544"]
[PlyCount "52"]
[EventDate "2015.11.18"]
[EventType "tourn (corr)"]
[EventRounds "6"]
[EventCountry "GER"]
[SourceTitle "Corr 2022"]
[Source "ChessBase"]
[SourceDate "2021.10.24"]
[SourceVersion "1"]
[SourceVersionDate "2021.10.24"]
[SourceQuality "1"]

1. e4 e5 2. f4 exf4 3. Nf3 d6 4. d4 g5 5. h4 g4 6. Ng1 Bh6 7. Nc3 Nc6 8. Qd3 Bd7 9. Nd5 Nf6 10. Ne2 Nxd5 11. exd5 Nb4 12. Qc4 c5 13. dxc5 dxc5 14. a3 Qa5 15. Qe4+ Kd8 16. c3 Re8 17. cxb4 Qa6 18. Qxh7 Bb5 19. Qxf7 Bxe2 20. Qxe8+ Kxe8 21. Bxe2 Qg6 22. bxc5 Rc8 23. 0-0 f3 24. Bb5+ Kd8 25. Bxh6 Qxh6 26. Rae1 Rxc5 0-1

[Event "RE-2016-0-00167"]
[Site "LSS email"]
[Date "2016.03.20"]
[Round "?"]
[White "Evsin, Igorj"]
[Black "Trusewicz, Jolanta"]
[Result "0-1"]
[WhiteElo "1551"]
[BlackElo "1668"]
[PlyCount "52"]
[EventDate "2015.12.03"]
[EventType "tourn (corr)"]
[EventRounds "6"]
[EventCountry "GER"]
[SourceTitle "Corr 2022"]
[Source "ChessBase"]
[SourceDate "2021.10.24"]
[SourceVersion "1"]
[SourceVersionDate "2021.10.24"]
[SourceQuality "1"]

1. e4 e5 2. Nf3 Nc6 3. Bc4 Bc5 4. b4 Bxb4 5. c3 Ba5 6. d4 exd4 7. 0-0 Nf6 8. Ba3 d6 9. e5 Ne4 10. cxd4 0-0 11. Bd5 Ng5 12. Nbd2 Bg4 13. Qa4 Bb6 14. Rfd1 Re8 15. Bxc6 bxc6 16. Qxc6 dxe5 17. dxe5 Re6 18. Qc3 Rg6 19. Kf1 Qe8 20. Qd3 Rd8 21. Qb3 Be6 22. Qb4 c5 23. Qb2 Qa4 24. Nxg5 Rxg5 25. h4 Qxh4 26. Nf3 Qh1+ 0-1

[Event "RE-2016-0-00167"]
[Site "LSS email"]
[Date "2016.03.20"]
[Round "?"]
[White "Shim Ng Min, Francis"]
[Black "Evsin, Igorj"]
[Result "0-1"]
[WhiteElo "1188"]
[BlackElo "1551"]
[PlyCount "62"]
[EventDate "2015.12.03"]
[EventType "tourn (corr)"]
[EventRounds "6"]
[EventCountry "GER"]
[SourceTitle "Corr 2022"]
[Source "ChessBase"]
[SourceDate "2021.10.24"]
[SourceVersion "1"]
[SourceVersionDate "2021.10.24"]
[SourceQuality "1"]

1. e4 e5 2. Nf3 Nc6 3. Bc4 Nf6 4. Ng5 Bc5 5. Bxf7+ Ke7 6. Bd5 Qe8 7. c3 h6 8. Nf3 d6 9. d4 exd4 10. cxd4 Bb4+ 11. Nc3 Nxd5 12. exd5 Kd8+ 13. Be3 Ne7 14. 0-0 Bxc3 15. bxc3 Nxd5 16. Qd3 Bg4 17. Nd2 Qh5 18. f3 Bf5 19. Ne4 Qg6 20. c4 Nf6 21. Qb3 Nxe4 22. fxe4 Bxe4 23. Rf2 Kc8 24. Raf1 b6 25. c5 Kb7 26. cxd6 Qxd6 27. Rf7 Bd5 28. Qc3 Bxf7 29. Rxf7 g5 30. Bf2 Rad8 31. Kh1 Rhf8 0-1

[Event "RD-2016-0-00125"]
[Site "LSS email"]
[Date "2016.01.22"]
[Round "?"]
[White "Evsin, Igorj"]
[Black "Vio, Mauro"]
[Result "1-0"]
[WhiteElo "1575"]
[BlackElo "1421"]
[PlyCount "95"]
[EventDate "2015.10.03"]
[EventType "tourn (corr)"]
[EventRounds "6"]
[EventCountry "GER"]
[SourceTitle "Corr 2022"]
[Source "ChessBase"]
[SourceDate "2021.10.24"]
[SourceVersion "1"]
[SourceVersionDate "2021.10.24"]
[SourceQuality "1"]

1. e4 e5 2. f4 d6 3. Nf3 exf4 4. d4 g5 5. h4 g4 6. Ng1 f3 7. gxf3 Be7 8. h5 Bh4+ 9. Ke2 Be7 10. Nc3 Nf6 11. Bg2 Nc6 12. Bf4 gxf3+ 13. Bxf3 Rg8 14. Qd3 Ng4 15. Nd5 Be6 16. Nh3 Qd7 17. Kd2 0-0-0 18. Rag1 Nge5 19. dxe5 dxe5 20. Bg5 Bxh3 21. Nxe7+ Nxe7 22. Qxd7+ Rxd7+ 23. Kc1 Be6 24. Bf6 b6 25. Bxe5 c5 26. Rxg8+ Nxg8 27. Rg1 f6 28. Bc3 Kd8 29. Be2 c4 30. b3 b5 31. Kb2 Ke8 32. a4 bxa4 33. bxc4 Rc7 34. Bb4 Nh6 35. c5 f5 36. Bb5+ Kf7 37. exf5 Nxf5 38. c6 a3+ 39. Bxa3 Rc8 40. Re1 a5 41. Kc3 h6 42. Bc1 Kf6 43. Bf4 Ne7 44. Be5+ Kf7 45. Rf1+ Kg8 46. Rg1+ Kf8 47. Bd6 Kf7 48. Rf1+ 1-0

[Event "LSS No Engine Cup 147 Preliminary 0"]
[Site "LSS email"]
[Date "2016.01.21"]
[Round "?"]
[White "Zonneveld, Will"]
[Black "Evsin, Igorj"]
[Result "1-0"]
[WhiteElo "2252"]
[BlackElo "1848"]
[PlyCount "115"]
[EventDate "2016.01.22"]
[EventType "tourn (corr)"]
[EventRounds "6"]
[EventCountry "GER"]
[SourceTitle "Corr 2022"]
[Source "ChessBase"]
[SourceDate "2021.10.24"]
[SourceVersion "1"]
[SourceVersionDate "2021.10.24"]
[SourceQuality "1"]

1. d4 d5 2. c4 e6 3. Nc3 Bb4 4. Nf3 Nc6 5. e3 Nf6 6. Bd3 0-0 7. 0-0 a6 8. h3 h6 9. a3 dxc4 10. Bxc4 Bd6 11. e4 e5 12. d5 Ne7 13. Re1 Ng6 14. Be3 Qe7 15. Bf1 Bc5 16. Bxc5 Qxc5 17. Rc1 Qd6 18. Na4 Rd8 19. b4 Bd7 20. Nc3 a5 21. Qb3 axb4 22. axb4 Ne8 23. Nb5 Qb6 24. Na3 Nd6 25. Nc4 Nxc4 26. Qxc4 Rdc8 27. b5 Ra3 28. Qc5 Qa5 29. Re3 Rxe3 30. Qxe3 f6 31. Nd2 b6 32. Nc4 Qb4 33. Kh2 Kh7 34. Qa3 Qxa3 35. Nxa3 Ne7 36. Nc2 f5 37. f3 fxe4 38. fxe4 Ng8 39. Nb4 Nf6 40. Nc6 Bxc6 41. Rxc6 Rf8 42. Be2 Ne8 43. Re6 Nd6 44. Rxe5 Rf2 45. Bf3 Nxb5 46. Re7 c6 47. Kg3 Rc2 48. Kf4 cxd5 49. exd5 Kg8 50. Ke5 Rd2 51. Rb7 Na3 52. Ke6 Nc4 53. Rb8+ Kh7 54. Be4+ g6 55. Rb7+ Kg8 56. Kf6 Rf2+ 57. Bf3 h5 58. Rg7+ 1-0

[Event "SD-2016-0-00248"]
[Site "LSS email"]
[Date "2016.01.18"]
[Round "?"]
[White "Linart, Ludvik"]
[Black "Evsin, Igorj"]
[Result "1-0"]
[WhiteElo "1609"]
[BlackElo "1549"]
[PlyCount "51"]
[EventDate "2015.12.15"]
[EventType "tourn (corr)"]
[EventRounds "6"]
[EventCountry "GER"]
[SourceTitle "Corr 2022"]
[Source "ChessBase"]
[SourceDate "2021.10.24"]
[SourceVersion "1"]
[SourceVersionDate "2021.10.24"]
[SourceQuality "1"]

1. d4 Nf6 2. Nf3 d5 3. e3 c5 4. Be2 Nc6 5. 0-0 e6 6. c4 dxc4 7. dxc5 Qc7 8. Qa4 Bxc5 9. Qxc4 b6 10. b3 0-0 11. Bb2 e5 12. Nbd2 Bf5 13. Rac1 Rac8 14. Qa4 Bd7 15. Qh4 a5 16. Bb5 Rfe8 17. Rfd1 Nb4 18. Bxd7 Nxd7 19. Ne4 Nxa2 20. Ra1 Nb4 21. Qg4 f5 22. Qxf5 Re7 23. Nfg5 Nf8 24. Qg4 Rb8 25. Rac1 Kh8 26. Nd6 1-0

[Event "SD-2016-0-00248"]
[Site "LSS email"]
[Date "2016.01.18"]
[Round "?"]
[White "Travnik, Alexander"]
[Black "Evsin, Igorj"]
[Result "1-0"]
[WhiteElo "1868"]
[BlackElo "1549"]
[PlyCount "139"]
[EventDate "2015.12.15"]
[EventType "tourn (corr)"]
[EventRounds "6"]
[EventCountry "GER"]
[SourceTitle "Corr 2022"]
[Source "ChessBase"]
[SourceDate "2021.10.24"]
[SourceVersion "1"]
[SourceVersionDate "2021.10.24"]
[SourceQuality "1"]

1. e4 c5 2. Nf3 d6 3. d4 cxd4 4. Nxd4 Nf6 5. Nc3 a6 6. Be2 e5 7. Nb3 Be7 8. Qd3 Nc6 9. a3 0-0 10. Be3 Ng4 11. Bd2 Be6 12. 0-0 Rc8 13. Nd5 Bg5 14. c3 Bxd2 15. Nxd2 Nf6 16. Nxf6+ Qxf6 17. Nc4 Bxc4 18. Qxc4 Nd4 19. Qd3 Nxe2+ 20. Qxe2 Qg6 21. Rad1 Rc6 22. Rd5 f5 23. exf5 Qxf5 24. Rfd1 Rf6 25. c4 Qf4 26. b3 Re6 27. g3 Qf8 28. Qe4 Rc7 29. b4 Rc8 30. R5d2 Qe7 31. c5 dxc5 32. Rd7 Qf6 33. bxc5 Rf8 34. R1d2 b6 35. R7d6 bxc5 36. Qc4 Rfe8 37. Rxa6 Qf7 38. Rxe6 Qxe6 39. Qxc5 Rc8 40. Qb4 h6 41. Qe4 Qe7 42. a4 Rd8 43. Rd5 Rxd5 44. Qxd5+ Kh8 45. Qa8+ Kh7 46. Qe4+ Kh8 47. a5 Qa3 48. Qxe5 Qc1+ 49. Kg2 Qc6+ 50. Kh3 Qc8+ 51. Kg2 Qc6+ 52. f3 Qc2+ 53. Kh3 Qc8+ 54. g4 Qa6 55. Kg2 Kg8 56. h4 Kf7 57. Kg3 Qa7 58. Qd5+ Ke7 59. Kf4 Qa6 60. h5 Qc8 61. Qe5+ Kd8 62. Qd4+ Ke8 63. Qb6 Qc4+ 64. Kg3 Qc3 65. a6 Qe5+ 66. Kh3 Qe2 67. a7 Qxf3+ 68. Kh4 Qh1+ 69. Kg3 Qe1+ 70. Qf2 1-0

[Event "RD-2016-0-00125"]
[Site "LSS email"]
[Date "2016.01.18"]
[Round "?"]
[White "Velasco, Jose"]
[Black "Evsin, Igorj"]
[Result "1-0"]
[WhiteElo "800"]
[BlackElo "1575"]
[PlyCount "63"]
[EventDate "2015.10.03"]
[EventType "tourn (corr)"]
[EventRounds "6"]
[EventCountry "GER"]
[SourceTitle "Corr 2022"]
[Source "ChessBase"]
[SourceDate "2021.10.24"]
[SourceVersion "1"]
[SourceVersionDate "2021.10.24"]
[SourceQuality "1"]

1. d4 d5 2. c4 e5 3. dxe5 d4 4. Nf3 Nc6 5. Nbd2 Nge7 6. Nb3 Ng6 7. g3 Ngxe5 8. Nxe5 Nxe5 9. Bg2 Bb4+ 10. Bd2 Be7 11. Bf4 Nxc4 12. 0-0 g5 13. Bxc7 Qxc7 14. Rc1 0-0 15. Nxd4 Rd8 16. e3 Rb8 17. Qe2 b5 18. b3 Rxd4 19. exd4 Ba3 20. bxc4 Bxc1 21. Rxc1 bxc4 22. Rxc4 Rb1+ 23. Bf1 Qd8 24. Qc2 Rxf1+ 25. Kxf1 Ba6 26. Kg1 Bxc4 27. Qxc4 Qe8 28. Qd3 Qa4 29. d5 Qxa2 30. d6 Qa5 31. d7 Qd8 32. Qd5 1-0

[Event "SD-2016-0-00248"]
[Site "LSS email"]
[Date "2016.01.17"]
[Round "?"]
[White "Evsin, Igorj"]
[Black "Glowinski, Daniel"]
[Result "0-1"]
[WhiteElo "1549"]
[BlackElo "1466"]
[PlyCount "125"]
[EventDate "2015.12.15"]
[EventType "tourn (corr)"]
[EventRounds "6"]
[EventCountry "GER"]
[SourceTitle "Corr 2022"]
[Source "ChessBase"]
[SourceDate "2021.10.24"]
[SourceVersion "1"]
[SourceVersionDate "2021.10.24"]
[SourceQuality "1"]

1. d4 Nf6 2. c4 e6 3. Nc3 d5 4. Nf3 Nc6 5. e3 Be7 6. a3 0-0 7. Bd3 dxc4 8. Bxc4 Bd6 9. Bb5 h6 10. 0-0 e5 11. Bxc6 exd4 12. Nxd4 bxc6 13. Nxc6 Qe8 14. Nd4 Ba6 15. Re1 Rd8 16. b4 c5 17. bxc5 Bxc5 18. Bb2 Qd7 19. Qc2 Bxd4 20. exd4 Bb7 21. Nd1 Rc8 22. Qd3 Be4 23. Qg3 Bg6 24. Qb3 Rb8 25. Qa2 Nd5 26. Ne3 Be4 27. Bc1 Rfe8 28. f3 Bd3 29. Bd2 Nf4 30. d5 Qd6 31. Kh1 Ne2 32. a4 Qe5 33. Qa3 Qd4 34. Rad1 Re5 35. Qa1 Qxa1 36. Rxa1 Rbe8 37. Red1 f5 38. d6 f4 39. Ng4 Rd5 40. Bb4 Rb8 41. Bc5 Nc3 42. Bxa7 Rb2 43. Rdc1 Bc2 44. a5 h5 45. Ne5 Ne2 46. d7 Nxc1 47. Rxc1 Rbb5 48. a6 Ba4 49. Rc8+ Kh7 50. Bg1 Ra5 51. a7 Bxd7 52. Nxd7 Rxd7 53. a8Q Rxa8 54. Rxa8 Rd5 55. Rf8 g5 56. h3 Kg7 57. Re8 Kf6 58. h4 gxh4 59. Rg8 Rd1 60. Kh2 h3 61. gxh3 Rd2+ 62. Rg2 Rd3 63. Rf2 0-1

[Event "RD-2016-0-00125"]
[Site "LSS email"]
[Date "2016.01.17"]
[Round "?"]
[White "Evsin, Igorj"]
[Black "Linart, Ludvik"]
[Result "0-1"]
[WhiteElo "1575"]
[BlackElo "1582"]
[PlyCount "82"]
[EventDate "2015.10.03"]
[EventType "tourn (corr)"]
[EventRounds "6"]
[EventCountry "GER"]
[SourceTitle "Corr 2022"]
[Source "ChessBase"]
[SourceDate "2021.10.24"]
[SourceVersion "1"]
[SourceVersionDate "2021.10.24"]
[SourceQuality "1"]

1. d4 Nf6 2. Bg5 Ne4 3. Bf4 g5 4. Be5 f6 5. e3 h5 6. Be2 g4 7. Bf4 Nc6 8. f3 e5 9. fxe4 exf4 10. d5 Ne7 11. exf4 c6 12. dxc6 bxc6 13. Nd2 Bh6 14. g3 d5 15. Bd3 Rb8 16. Nb3 a5 17. Rb1 a4 18. Nd2 dxe4 19. Bxe4 f5 20. Bg2 Be6 21. c4 Qa5 22. Qc2 h4 23. Ne2 h3 24. Bf1 Bg7 25. Nc3 a3 26. bxa3 Kf7 27. Rb4 Qxa3 28. Rb3 Rxb3 29. axb3 Qa1+ 30. Nd1 c5 31. Bd3 Ra8 32. Qb1 Qd4 33. Ke2 Ra1 34. Qc2 Qd7 35. b4 cxb4 36. Nb3 Nc6 37. Re1 Nd4+ 38. Nxd4 Bxd4 39. Kd2 Qa7 40. Qb3 Qc5 41. Re2 Ra3 0-1

[Event "ZI-2016-0-02110"]
[Site "LSS email"]
[Date "2016.01.17"]
[Round "?"]
[White "Evsin, Igorj"]
[Black "Velasco, Jose"]
[Result "0-1"]
[WhiteElo "1554"]
[BlackElo "1636"]
[PlyCount "54"]
[EventDate "2016.01.05"]
[EventType "match (corr)"]
[EventRounds "2"]
[EventCountry "GER"]
[SourceTitle "Corr 2022"]
[Source "ChessBase"]
[SourceDate "2021.10.24"]
[SourceVersion "1"]
[SourceVersionDate "2021.10.24"]
[SourceQuality "1"]

1. e4 c5 2. d4 cxd4 3. c3 dxc3 4. Nxc3 Nc6 5. Nf3 e6 6. Bc4 a6 7. 0-0 b5 8. Bb3 Nge7 9. Bg5 Bb7 10. Qe2 h6 11. Bh4 g5 12. Bg3 Ng6 13. Rad1 Rc8 14. Rd2 g4 15. Nd4 h5 16. Nf5 h4 17. Nd6+ Bxd6 18. Bxd6 Nce5 19. Kh1 h3 20. g3 Nf3 21. Rd3 Nge5 22. Bxe5 Nxe5 23. Rd4 Nf3 24. Rd3 Qc7 25. Rfd1 b4 26. Rxd7 Qxd7 27. Rxd7 Kxd7 0-1

[Event "SD-2015-0-00246"]
[Site "LSS email"]
[Date "2015.12.29"]
[Round "?"]
[White "Evsin, Igorj"]
[Black "Cole, Steve"]
[Result "1/2-1/2"]
[WhiteElo "1548"]
[BlackElo "1468"]
[PlyCount "130"]
[EventDate "2015.11.22"]
[EventType "tourn (corr)"]
[EventRounds "6"]
[EventCountry "GER"]
[SourceTitle "Corr 2022"]
[Source "ChessBase"]
[SourceDate "2021.10.24"]
[SourceVersion "1"]
[SourceVersionDate "2021.10.24"]
[SourceQuality "1"]

1. d4 Nf6 2. c4 g6 3. Nc3 Bg7 4. g3 0-0 5. Nf3 d6 6. Bg2 Nbd7 7. 0-0 e5 8. h3 exd4 9. Nxd4 a6 10. Be3 Re8 11. Rc1 Nc5 12. Qc2 a5 13. Rfd1 Rxe3 14. fxe3 Qe7 15. Qd2 Qe5 16. Kh2 Bh6 17. Nc2 Nh5 18. Qe1 c6 19. Bf3 Ng7 20. Ra1 Nf5 21. Bg4 Nxe3 22. Nxe3 Bxe3 23. Bxc8 Rxc8 24. Qf1 f5 25. Qg2 Re8 26. Qf3 a4 27. Rab1 Bd4 28. Rd2 a3 29. Nd1 Ne4 30. Rc2 Qe7 31. b3 Be5 32. Kg2 Nxg3 33. Nf2 Qg5 34. e3 Nh5+ 35. Kh1 Qe7 36. b4 Bf6 37. Nd1 Qe5 38. Rb3 f4 39. Rxa3 Qa1 40. Kg2 Qb1 41. Rf2 Qxb4 42. Rb3 Qc5 43. exf4 Bh4 44. Rfb2 Rf8 45. Qg4 Nxf4+ 46. Kh1 Bf6 47. Rf2 Be5 48. Rxb7 Qxc4 49. Qf3 Qa6 50. Re7 c5 51. Ne3 Bd4 52. Rd2 d5 53. Ng4 g5 54. Re1 Qb7 55. Rf1 h5 56. Ne3 Bxe3 57. Qxe3 d4+ 58. Qf3 Qxf3+ 59. Rxf3 Kg7 60. a4 Rc8 61. a5 Ra8 62. Ra3 Kf6 63. a6 d3 64. Rda2 c4 65. Rc3 Ke6 1/2-1/2

[Event "SD-2015-0-00246"]
[Site "LSS email"]
[Date "2015.12.28"]
[Round "?"]
[White "Koenig, Michael"]
[Black "Evsin, Igorj"]
[Result "0-1"]
[WhiteElo "1470"]
[BlackElo "1548"]
[PlyCount "66"]
[EventDate "2015.11.22"]
[EventType "tourn (corr)"]
[EventRounds "6"]
[EventCountry "GER"]
[SourceTitle "Corr 2022"]
[Source "ChessBase"]
[SourceDate "2021.10.24"]
[SourceVersion "1"]
[SourceVersionDate "2021.10.24"]
[SourceQuality "1"]

1. e4 c5 2. Nc3 g6 3. d4 cxd4 4. Qxd4 Nf6 5. Bb5 a6 6. e5 axb5 7. exf6 Nc6 8. Qe3 e6 9. Nf3 b4 10. Nb5 Ra5 11. Qe2 b6 12. Qd3 Ba6 13. Nd6+ Bxd6 14. Qxd6 Qxf6 15. Qf4 Rf5 16. Qe3 Ne5 17. Qxb6 Nxf3+ 18. gxf3 Re5+ 19. Be3 Qxf3 20. Qxa6 Qxh1+ 21. Qf1 Qc6 22. Qd3 0-0 23. Rd1 f5 24. Qd4 d6 25. Qf4 Qxc2 26. Rxd6 Re4 27. Rd2 Qc4 28. Qh6 f4 29. Rd7 Qc1+ 30. Rd1 Qxb2 31. Rd7 Qc3+ 32. Ke2 Rxe3+ 33. fxe3 f3+ 0-1

[Event "SD-2015-0-00246"]
[Site "LSS email"]
[Date "2015.12.28"]
[Round "?"]
[White "Salazar Moran, Alejandro Fortunato"]
[Black "Evsin, Igorj"]
[Result "1-0"]
[WhiteElo "1481"]
[BlackElo "1548"]
[PlyCount "73"]
[EventDate "2015.11.22"]
[EventType "tourn (corr)"]
[EventRounds "6"]
[EventCountry "GER"]
[SourceTitle "Corr 2022"]
[Source "ChessBase"]
[SourceDate "2021.10.24"]
[SourceVersion "1"]
[SourceVersionDate "2021.10.24"]
[SourceQuality "1"]

1. e4 c5 2. Nf3 Nc6 3. d4 cxd4 4. Nxd4 Nf6 5. Nc3 e5 6. Ndb5 d6 7. Bg5 a6 8. Bxf6 gxf6 9. Na3 b5 10. Nd5 f5 11. Bd3 Be6 12. Qh5 Bg7 13. 0-0 Rc8 14. c3 fxe4 15. Bxe4 Ne7 16. Rad1 Nxd5 17. Bxd5 Qd7 18. Bxe6 Qxe6 19. Nc2 0-0 20. Rfe1 Qxa2 21. Ne3 Rc7 22. Nf5 f6 23. Rxd6 Qxb2 24. Rd3 Qb3 25. Rg3 Qc2 26. Rd1 Rb8 27. Rgd3 e4 28. R3d2 Qxc3 29. Nxg7 e3 30. Rd3 exf2+ 31. Kf1 Qc4 32. Nf5 Rd7 33. Ne3 Qxd3+ 34. Rxd3 Rxd3 35. Nf5 Rd7 36. Qe2 Kf7 37. Nh6+ 1-0

[Event "SD-2015-0-00246"]
[Site "LSS email"]
[Date "2015.12.28"]
[Round "?"]
[White "Shapovalov, Sergey"]
[Black "Evsin, Igorj"]
[Result "1/2-1/2"]
[WhiteElo "1733"]
[BlackElo "1548"]
[PlyCount "65"]
[EventDate "2015.11.22"]
[EventType "tourn (corr)"]
[EventRounds "6"]
[EventCountry "GER"]
[SourceTitle "Corr 2022"]
[Source "ChessBase"]
[SourceDate "2021.10.24"]
[SourceVersion "1"]
[SourceVersionDate "2021.10.24"]
[SourceQuality "1"]

1. b3 g6 2. Bb2 Nf6 3. Bxf6 exf6 4. c4 Nc6 5. e3 Bg7 6. Nc3 0-0 7. d4 f5 8. g3 b6 9. Bg2 Bb7 10. Nge2 Re8 11. 0-0 a6 12. Nf4 Rb8 13. Rc1 Bf8 14. Qd2 Ba3 15. Rcd1 Bd6 16. Rfe1 Qg5 17. Nfd5 Re6 18. a3 Na5 19. Qa2 Qd8 20. b4 Nc6 21. h4 Bf8 22. h5 Bh6 23. Qe2 Bg5 24. Qd3 Kg7 25. Rb1 Rc8 26. c5 b5 27. a4 bxa4 28. Nxa4 Rb8 29. Nac3 Na7 30. f4 Bh6 31. Re2 c6 32. Nb6 d5 33. Rd1 1/2-1/2

[Event "SD-2015-0-00244"]
[Site "LSS email"]
[Date "2015.12.11"]
[Round "?"]
[White "Sternik, Ryszard"]
[Black "Evsin, Igorj"]
[Result "1-0"]
[WhiteElo "1691"]
[BlackElo "1559"]
[PlyCount "101"]
[EventDate "2015.10.17"]
[EventType "tourn (corr)"]
[EventRounds "6"]
[EventCountry "GER"]
[SourceTitle "Corr 2022"]
[Source "ChessBase"]
[SourceDate "2021.10.24"]
[SourceVersion "1"]
[SourceVersionDate "2021.10.24"]
[SourceQuality "1"]

1. b4 e5 2. Bb2 Bxb4 3. Bxe5 Nf6 4. Nf3 0-0 5. Nc3 Ba5 6. e3 Nc6 7. Bxf6 Qxf6 8. Nd5 Qd6 9. Nf4 Re8 10. Be2 b6 11. 0-0 Bb7 12. c3 Ne5 13. Nxe5 Qxe5 14. d4 Qg5 15. g3 a6 16. Bf3 c6 17. c4 b5 18. Rb1 Rab8 19. Qc2 Bc7 20. a4 Bxf4 21. exf4 Qe7 22. Qc3 Qd6 23. Rfd1 h6 24. Rb3 bxa4 25. Rb4 Qc7 26. c5 Qa5 27. Qa3 Qc7 28. Rb6 Ra8 29. Qxa4 Ra7 30. Qa5 Qc8 31. Kg2 Qd8 32. Ra1 Qc7 33. Rab1 Bc8 34. Kg1 Bb7 35. Kf1 Re7 36. Ra1 Re8 37. Ra3 Re7 38. Re3 Rxe3 39. fxe3 Qd8 40. Kg2 Ra8 41. Qc3 Bc8 42. d5 cxd5 43. Bxd5 Ra7 44. Qe5 a5 45. f5 Qf8 46. Rb8 Qd8 47. Qd6 Rc7 48. e4 Kh7 49. Ra8 a4 50. c6 h5 51. Rxa4 1-0

[Event "RD-2015-0-00119"]
[Site "LSS email"]
[Date "2015.09.16"]
[Round "?"]
[White "Evsin, Igorj"]
[Black "Henke, Simon"]
[Result "1-0"]
[WhiteElo "1483"]
[BlackElo "1566"]
[PlyCount "39"]
[EventDate "2015.06.13"]
[EventType "tourn (corr)"]
[EventRounds "6"]
[EventCountry "GER"]
[SourceTitle "Corr 2022"]
[Source "ChessBase"]
[SourceDate "2021.10.24"]
[SourceVersion "1"]
[SourceVersionDate "2021.10.24"]
[SourceQuality "1"]

1. e4 c6 2. d4 g6 3. h3 d5 4. Nc3 Bg7 5. Nf3 dxe4 6. Nxe4 Nd7 7. Bd3 Ngf6 8. 0-0 0-0 9. Qe2 Nxe4 10. Bxe4 Nf6 11. Bd3 Re8 12. Bg5 h6 13. Bd2 Qc7 14. Rfe1 c5 15. dxc5 Qxc5 16. Rad1 b6 17. Be3 Qc7 18. Qd2 Kh7 19. Bf4 Qc6 20. Ne5 1-0

[Event "LSS No Engine Cup 138 Preliminary 0"]
[Site "LSS email"]
[Date "2015.09.09"]
[Round "?"]
[White "Zmolil, Karel"]
[Black "Evsin, Igorj"]
[Result "0-1"]
[WhiteElo "1641"]
[BlackElo "1821"]
[PlyCount "58"]
[EventDate "2015.09.10"]
[EventType "tourn (corr)"]
[EventRounds "6"]
[EventCountry "GER"]
[SourceTitle "Corr 2022"]
[Source "ChessBase"]
[SourceDate "2021.10.24"]
[SourceVersion "1"]
[SourceVersionDate "2021.10.24"]
[SourceQuality "1"]

1. e4 e5 2. Nf3 Nc6 3. d4 exd4 4. Nxd4 Bc5 5. Nxc6 Qf6 6. Qd2 dxc6 7. Qf4 Be6 8. Bd3 Bb4+ 9. c3 Bc5 10. Qxf6 Nxf6 11. h3 0-0 12. Bg5 Rad8 13. Bc2 Rfe8 14. Nd2 h6 15. Bh4 g5 16. Bg3 Nh5 17. Bxc7 Bxf2+ 18. Ke2 Ng3+ 19. Bxg3 Bxg3 20. Rhd1 Bd6 21. Kf3 h5 22. g4 Kg7 23. a3 Rh8 24. Nf1 hxg4+ 25. hxg4 Rh3+ 26. Kg2 Bxg4 27. Re1 Bf3+ 28. Kf2 Bc5+ 29. Ne3 Rd2+ 0-1

[Event "OP-2015-0-03794"]
[Site "LSS email"]
[Date "2015.08.24"]
[Round "?"]
[White "Davila, Oscar Alfredo"]
[Black "Evsin, Igorj"]
[Result "0-1"]
[WhiteElo "1786"]
[BlackElo "1511"]
[PlyCount "134"]
[EventDate "2015.08.14"]
[EventType "tourn (corr)"]
[EventRounds "4"]
[EventCountry "GER"]
[SourceTitle "Corr 2022"]
[Source "ChessBase"]
[SourceDate "2021.10.24"]
[SourceVersion "1"]
[SourceVersionDate "2021.10.24"]
[SourceQuality "1"]

1. c4 d6 2. g3 e5 3. Nc3 Nf6 4. Bg2 Be7 5. e3 0-0 6. Nge2 Nc6 7. d3 Re8 8. 0-0 a6 9. Bd2 Bd7 10. Nd5 Nxd5 11. cxd5 Na7 12. Qb3 c5 13. Qxb7 Bb5 14. Rfd1 Bf6 15. a4 Bxd3 16. Bf3 e4 17. Bg4 Re7 18. Qb3 Rb8 19. Ba5 Qe8 20. Rxd3 Reb7 21. Qc4 exd3 22. Nf4 Rxb2 23. Rd1 Nc8 24. Nxd3 R2b7 25. Kg2 Nb6 26. Bxb6 Rxb6 27. Bf3 R8b7 28. h4 a5 29. h5 Rb3 30. Qa6 Qd8 31. h6 gxh6 32. Rh1 Bg5 33. Bg4 Rb1 34. Bd1 Rb8 35. Re1 Kg7 36. Qc4 Kg8 37. Qa6 Qe7 38. Bc2 R1b6 39. Qc4 f5 40. Nc1 Rb4 41. Qe2 Qf7 42. Qf3 Rf8 43. Nd3 Rc4 44. Re2 h5 45. Bb3 Rc3 46. Bc2 Rc4 47. Bb3 Rg4 48. Nf4 h4 49. Kf1 hxg3 50. fxg3 Re8 51. Ne6 Qh5 52. Kg1 Qh3 53. Rg2 Rb8 54. Nf4 Bxf4 55. exf4 Rg6 56. Bc4 h5 57. Bf1 Rb7 58. Qe3 Rbg7 59. Kf2 h4 60. Qe8+ Kh7 61. g4 fxg4 62. Kg1 Qf3 63. f5 Qxf5 64. Qe3 Qg5 65. Qc3 g3 66. Qf3 h3 67. Re2 Qh6 0-1